On This Day: June 22nd Quiz Stats

 Plays Quiz Updated Jun 22, 2017

Support Sporcle.
Go Orange.
Score 0/7 Timer 03:00
0 Plays Today
Question Answer Wrong Answers
The Holy Office in Rome forces ______ to recant his view that the Sun, not the Earth, is the center of the Universe.
1633
Galileo Galilei
92%
Isaac Newton
4.3%
Ptolemy
2.7%
Robert Boyle
0.8%
The Cuyahoga River catches fire in Cleveland, Ohio, drawing national attention to water pollution, and spurring the passing of the Clean Water Act and the creation of the ______.
1969
Environmental Protection Agency
88.6%
Nuclear Regulatory Commission
2.2%
Department of Energy
3%
National Science Foundation
1.6%
This American film star, whose 20 Academy Award nominations are more than any other actor, is born.
1949
Meryl Streep
74%
Marlon Brando
12.7%
Daniel Day-Lewis
7.4%
Julia Roberts
2.2%
Commonly known as this, President Franklin D. Roosevelt signs into law the Servicemen's Readjustment Act of 1944.
1944
G.I. Bill
69.1%
Veteran Benefits Bill
7.8%
Veteran Act
17.6%
Service Bill
3.3%
Major Ridge, John Ridge, and Elias Boudinot, leaders of this Native American tribe, are assassinated for signing the Treaty of New Echota, which resulted in the Trail of Tears.
1839
Cherokee
60.4%
Navajo
12.8%
Sioux
21%
Chippewa
4.5%
This player scores his controversial ‘Hand of God’ goal in the quarterfinals of the 1986 FIFA World Cup. Argentina would beat England 2–1 and go on to win the World Cup.
1986
Diego Maradona
55.5%
Pelé
30.8%
Ronaldo
6.3%
Gabriel Batistuta
2.6%
This World War II Pacific battle, nicknamed the ‘typhoon of steel’ in reference to the ferocity of fighting, comes to an end.
1945
Battle of Okinawa
37.9%
Battle of Midway
43.9%
Battle of the Bulge
11%
Battle of Saipan
4.2%

From the Vault

Famous 'Sporcle' Quotes

by MovieGuru

While researching these on the Internet we found almost all of them attributed to Mark Twain.
Remove Ads.
Support Sporcle.
Get the best of Sporcle when you Go Orange. This ad-free experience offers more features, more stats, and more fun while also helping to support Sporcle. Thank you for becoming a member.

Show Comments

Extras

Top Quizzes Today


Score Distribution

Your Account Isn't Verified!

In order to create a playlist on Sporcle, you need to verify the email address you used during registration. Go to your Sporcle Settings to finish the process.

Report this User

Report this user for behavior that violates our Community Guidelines.

Details: